01551nam a2200361 a 4500001001200000003000800012006001900020007001500039008004100054040002100095035002100116043001200137050002500149100002300174245015900197260006000356300001100416490004700427504004100474533015200515610004700667610004800714650003700762650005800799650003800857655002900895700002300924700004900947710003300996710001701029856012601046999001701172ebr10046550CaPaEBRm u cr cn|||||||||090731s2003 dcu sb 000 0 eng d aCaPaEBRcCaPaEBR a(OCoLC)568295858 an-us---14aKF3775b.B567 2003eb1 aBishop, Timothy S.10aOne for the birdsh[electronic resource] :bthe corps of engineers' migratory bird rule /cby Timothy S. Bishop, Kyle F. Waldinger and Elizabeth A. Clark. aWashington, D.C. :bEnvironmental Law Institute,c2003. a[8] p.0 aEnvironmental law reporter news & analysis aIncludes bibliographical references. aElectronic reproduction.bPalo Alto, Calif. :cebrary,d2013.nAvailable via World Wide Web.nAccess may be limited to ebrary affiliated libraries.10aUnited States.bArmy.bCorps of Engineers.20aSolid Waste Agency of Northern Cook County. 0aBirdsxMigrationzUnited States. 0aWaterxPollutionxLaw and legislationzUnited States. 0aEnvironmental lawzUnited States. 7aElectronic books.2local1 aWaldinger, Kyle F.1 aClark, Elizabeth A.q(Elizabeth Ann),d1938-2 aEnvironmental Law Institute.2 aebrary, Inc.40uhttp://site.ebrary.com/lib/rucke/Doc?id=10046550zAn electronic book accessible through the World Wide Web; click to view c74334d74334